Kentucky Airports - Statistics

General Stats
  • This quiz has been taken 18 times
  • The average score is 4 of 12
Answer Stats
Airport % Correct
Blue Grass
100%
Louisville Muhammad Ali
88%
Cincinnati/Northern Kentucky
69%
Barkley
19%
Elizabethtown
13%
Georgetown-Scott County
13%
London-Corbin
13%
Owensboro-Daviess County
13%
Bowling Green-Warren County
6%
Capital City
6%
Henderson City-County
6%
Lake Cumberland
6%
No matching quizzes found
Score Distribution
Percent of People with Each Score
Percentile by Number Answered
Your Score History
You have not taken this quiz